000
00314nam a22001337a 4500
008
190205b xxu||||| |||| 00| 0 eng d
020
_a
9780534123451
041
_a
eng
080
_2
3rd
_a
101
100
_a
24
101
_a
FIL
245
_a
A Beginner's guide to scientific method
_c
Carey,S.S
942
_2
udc
_c
BK
999
_c
54019
_d
54019